000 00289nam a22001337a 4500
008 210310b ||||| |||| 00| 0 eng d
041 _aeng
080 _a32
082 _a32
100 _a20
101 _aSHP
245 _aFrontiers of Democratic Theory
_cKariel,H.S
942 _2udc
_cBK
999 _c56167
_d56167